00000000nam 2200000zi 4500
0019.952618
003CaOODSP
00520250821125319
006m     o  d f      
007cr |n|||||||||
008250623e199004##abc     of   f|0| 0 eng d
040 |aCaOODSP|beng|erda|cCaOODSP
043 |an-cn---
0861 |aDR52-2/9-1990E-PDF
1001 |aCurrie, J. G., |eauthor.
24510|aAuthors guide to the publishing procedures at Defence Research Establishment Suffield / |cby J.G. Currie and A.M. Dickason.
24613|aAuthor's guide to the publishing procedures at Defence Research Establishment Suffield
264 1|aRalston, Alberta : |bDefence Research Establishment Suffield, |cApril 1990.
300 |a1 online resource (1 volume (various pagings)).
336 |atext|btxt|2rdacontent
337 |acomputer|bc|2rdamedia
338 |aonline resource|bcr|2rdacarrier
4901 |aSuffield special publication ; |vNo. 132
500 |aDigitized edition from print [produced by Defence Research and Development Canada].
500 |a"Unclassified."
500 |a"Unlimited distribution."
520 |a"The publishing procedures at the Defence Research Establishment Suffield are presented for the purpose of facilitating the process for authors. The categories of papers are defined, the spheres of responsibility are outlined, the role of the Document Review Panel is explained and the steps for filling out the forms for each publication category are shown"--Abstract.
61020|aDefence Research Establishment Suffield|xPublishing.
650 0|aTechnical writing|vHandbooks, manuals, etc.
650 0|aAuthorship|xStyle manuals.
650 6|aRédaction technique|vGuides, manuels, etc.
650 6|aArt d'écrire|vCodes typographiques.
655 7|aHandbooks and manuals|2lcgft
655 7|aStyle manuals|2lcgft
655 7|aGuides et manuels|2rvmgf
655 7|aCodes typographiques|2rvmgf
7102 |aDefence Research Establishment Suffield, |eissuing body.
830#0|aSuffield special publication ;|vNo. 132.|w(CaOODSP)9.926017
85640|qPDF|s1.14 MB|uhttps://publications.gc.ca/collections/collection_2025/rddc-drdc/DR52-2-9-1990-eng.pdf